U.S. States Where You Can Legally Own a Bear - Statistics

General Stats
  • This quiz has been taken 89 times
  • The average score is 7 of 16
Answer Stats
Hint Answer % Correct
Permit Required Texas
82%
Permit Required Idaho
61%
Permit Required South Dakota
60%
Permit Required North Dakota
58%
No Restrictions Nevada
49%
No Restrictions Georgia
44%
No Restrictions Wisconsin
42%
No Restrictions Oklahoma
38%
Permit Required Mississippi
35%
Permit Required Missouri
35%
No Restrictions North Carolina
33%
No Restrictions South Carolina
33%
Permit Required Indiana
29%
Permit Required Pennsylvania
25%
Permit Required Rhode Island
22%
No Restrictions Delaware
17%
No matching quizzes found
Score Distribution
Percent of People with Each Score
Percentile by Number Answered
Your Score History
You have not taken this quiz